Province dell'Italia Insulare - Statistics

Statistiche generali
  • Questo quiz è stato fatto 38 volte
  • Il punteggio medio è 13 su 14
Risposte nella Mappa
Le risposte nella mappa del quiz sottostante sono codificate secondo una scala di colori dal rosso al verde in base alla % di persone che hanno risposto correttamente.
 
Statistiche sulle risposte
Risposta % Corretto
Cagliari
100%
Messina
100%
Palermo
100%
Catania
96%
Oristano
96%
Siracusa
96%
Ragusa
93%
Sassari
93%
Agrigento
89%
Nuoro
89%
Sud Sardegna
89%
Trapani
89%
Enna
85%
Caltanissetta
78%
Nessun quiz corrispondente trovato
Distribuzione punteggi
Percentuale di utenti per punteggio
Percentile per numero di risposta
I tuoi punteggi nel tempo
Non hai fatto questo quiz